[Event "FRA Top 16 Higher Pool U16"]
[Site "France"]
[Date "2022.06.05"]
[Round "3.8"]
[White "Akyuz, Enes"]
[Black "Slawinski, Robin"]
[Result "1-0"]
[WhiteElo "1144"]
[BlackElo "1062"]
[PlyCount "53"]
[EventDate "2022.06.04"]
[EventType "tourn"]
[EventRounds "4"]
[EventCountry "FRA"]
[SourceTitle "EXT 2023"]
[Source "ChessBase"]
[SourceDate "2022.10.05"]
[SourceVersion "1"]
[SourceVersionDate "2022.10.05"]
[SourceQuality "1"]

1. e4 Nc6 2. d4 d5 3. e5 f6 4. Bf4 Bf5 5. Bb5 Qd7 6. Nf3 a6 7. Ba4 Bg4 8. Nc3 e6 9. h3 Bh5 10. exf6 Bxf3 11. fxg7 Bxg7 12. Qxf3 Bxd4 13. Qh5+ Kd8 14. 0-0 Nf6 15. Qh4 Kc8 16. Rad1 b5 17. Rxd4 Nxd4 18. Qxf6 Kb7 19. Qxd4 bxa4 20. Nxa4 Qe7 21. Nc5+ Kc6 22. Qa4+ Kb6 23. Be3 c6 24. Qb4+ Kc7 25. Nxa6+ Kd8 26. Qb6+ Kd7 27. Qb7+ 1-0